[Event "Panchenko Memorial-A 2021"]
[Site "Chelyabinsk"]
[Date "2021.09.13"]
[Round "1.10"]
[White "Pridorozhni, Aleksei"]
[Black "Matsenko, Andrei"]
[Result "1-0"]
[WhiteElo "2550"]
[BlackElo "2271"]
[Annotator "TA"]
[PlyCount "73"]
[EventDate "2021.09.13"]
[EventType "swiss"]
[EventCountry "RUS"]
[SourceTitle "playchess.com"]
[Source "ChessBase"]
[SourceQuality "1"]

{[%evp 10,73,0,-6,0,-4,0,-90,-91,-83,-97,-87,-88,-93,-84,-89,-94,-82,-64,-76,-87,-103,-107,-127,-125,-115,-87,-139,-42,-12,-28,-35,0,0,87,76,108,108,155,168,266,250,339,335,321,292,326,247,351,255,250,258,211,183,485,424,538,563,749,350,5050,4133,2266,1692,29973,12616]} 1. e4 c6 2. d4 d5 3. e5 Bf5 4. h4 h6 5. Bd3 Bxd3 6. Qxd3 e6 {B12: Caro-Kann: Advance Variation.} 7. Ne2 c5 {[#]} 8. c4 $146 (8. c3 $11) ({Predecessor:} 8. c3 Nc6 9. a3 c4 10. Qc2 Nge7 11. Nd2 Na5 12. Nf3 Nb3 13. Rb1 Nc6 14. Ra1 {0-1 (46) Ucucu,S (1801)-Kiziltas,I (1696) Konya 2018}) 8... Nc6 $17 {Black is better.} 9. cxd5 Qxd5 {[%cal Rc5d4]} 10. Nbc3 Qxg2 11. Rg1 {[#]} Nb4 $1 {[%cal Rb4d3]} 12. Qd1 Qc6 13. a3 {[#]} Qa6 $1 14. axb4 Qxa1 15. bxc5 Ne7 16. Nb5 {aiming for Nc7+.} Qa5+ 17. Nec3 Nd5 18. Qb3 (18. Bd2 $142 Nxc3 19. Nd6+ Bxd6 20. Bxc3) 18... a6 ({Black should play} 18... b6 $17 19. c6 Rc8) 19. Nd6+ $15 Bxd6 20. exd6 Nxc3 21. bxc3 {[%cal Bb2c3,Bc3d4,Bd4c5][%mdl 32]} O-O {[#]} (21... Qb5 $11 22. Qxb5+ axb5) 22. Bxh6 $1 $16 {Black is now going downhill.} Kh7 {...Qa1+ is the strong threat.} 23. Bc1 (23. Bxg7 Qa1+ 24. Ke2 (24. Qd1 $2 Qxd1+ 25. Kxd1 Rg8 $19) 24... Qxg1 $11) 23... e5 24. Ke2 (24. dxe5 Rae8 $15) 24... b6 (24... Rab8 $142 25. Be3 (25. dxe5 Qxc5 26. Bf4 Kh8 $11) 25... exd4 26. cxd4 (26. Bxd4 f6 $16) 26... Qd8) 25. Be3 ({Not} 25. cxb6 exd4 26. Rg5 (26. cxd4 Rab8 $15) 26... Qxc3 $11) (25. dxe5 Qxc5 26. Bf4 Rae8 $11) 25... exd4 26. cxd4 ({Less strong is} 26. Bxd4 f6 $18) 26... bxc5 27. dxc5 Rab8 28. Qd3+ Kh8 (28... Kg8 $142 29. Qd5 Qc3) 29. h5 Qa2+ 30. Kf3 Qe6 31. Rg4 $40 {[%mdl 1152] White has strong compensation. Black is in trouble.} a5 $2 (31... f5 {is a better chance.} 32. Rg6 Rf6) 32. Qe4 Qd7 {Strongly threatening ...f5!} 33. Qd5 Rbc8 34. Kg3 (34. Bd4 $142 f6 35. h6) 34... a4 $2 (34... f5 35. Rc4 Rf6) 35. Bd4 $18 f6 36. h6 gxh6 37. Qh5 {Weighted Error Value: White=0.30/Black=0.68} 1-0

[Event "Panchenko Memorial-A 2021"]
[Site "Chelyabinsk"]
[Date "2021.09.14"]
[Round "2.1"]
[White "Sargsyan, Shant"]
[Black "Urazayev, Arystanbek"]
[Result "1/2-1/2"]
[WhiteElo "2642"]
[BlackElo "2453"]
[Annotator "ChessBase"]
[PlyCount "80"]
[EventDate "2021.09.13"]
[EventType "swiss"]
[EventCountry "RUS"]
[SourceTitle "playchess.com"]
[Source "ChessBase"]
[SourceQuality "1"]
[TimeControl "5400+30"]

1. d4 {[%emt 0:01:02]} d5 {[%emt 0:00:18]} 2. Nf3 {[%emt 0:00:33]} Nf6 {[%emt 0:00:37]} 3. c4 {[%emt 0:00:13]} e6 {[%emt 0:00:11]} 4. g3 {[%emt 0:00:21]} Bb4+ {[%emt 0:01:10]} 5. Bd2 {[%emt 0:00:56]} Be7 {[%emt 0:00:38]} 6. Bg2 {[%emt 0:00:25]} O-O {[%emt 0:00:30]} 7. O-O {[%emt 0:00:09]} Nbd7 {[%emt 0:01:38]} 8. Qc2 {[%emt 0:00:52]} Ne4 {[%emt 0:01:16]} 9. Bf4 {[%emt 0:03:20]} c6 {[%emt 0:01:06]} 10. Nc3 {[%emt 0:02:10]} g5 {[%emt 0:01:21]} 11. Be3 {[%emt 0:01:09]} Nd6 {[%emt 0:00:58]} 12. b3 {[%emt 0:01:44]} Nf5 {[%emt 0:01:38]} 13. Bd2 {[%emt 0:00:27]} g4 {[%emt 0:00:27]} 14. Ne1 {[%emt 0:00:04]} Nxd4 {[%emt 0:00:07]} 15. Qd1 {[%emt 0:00:04]} Bf6 {[%emt 0:00:25]} 16. e3 {[%emt 0:02:42]} Nf3+ {[%emt 0:00:09]} 17. Nxf3 {[%emt 0:00:09]} gxf3 {[%emt 0:00:06]} 18. Qxf3 {[%emt 0:00:43]} dxc4 {[%emt 0:00:13]} 19. Qg4+ {[%emt 0:05:16]} Bg7 {[%emt 0:01:03]} 20. Qxc4 {[%emt 0:00:42]} b5 {[%emt 0:01:11]} 21. Qxc6 {[%emt 0:06:06]} Rb8 {[%emt 0:00:34]} 22. Rad1 {[%emt 0:02:27]} Bb7 {[%emt 0:03:59]} 23. Qd6 {[%emt 0:01:01]} Ne5 {[%emt 0:01:33]} 24. Qxd8 {[%emt 0:07:56]} Rfxd8 {[%emt 0:00:11]} 25. Ne4 {[%emt 0:10:11]} f5 {[%emt 0:16:45]} 26. Ng5 {[%emt 0:00:51]} h6 {[%emt 0:06:04]} 27. Nxe6 {[%emt 0:00:32]} Nf3+ {[%emt 0:00:55]} 28. Bxf3 {[%emt 0:00:16]} Bxf3 {[%emt 0:00:08]} 29. Nxg7 {[%emt 0:00:46]} Bxd1 {[%emt 0:04:05]} 30. Rxd1 {[%emt 0:00:11]} Kxg7 {[%emt 0:01:05]} 31. Bc3+ {[%emt 0:00:13]} Kf7 {[%emt 0:03:52]} 32. Bd4 {[%emt 0:00:08]} Rbc8 {[%emt 0:06:02]} 33. b4 {[%emt 0:04:07]} Rc4 {[%emt 0:10:46]} 34. a3 {[%emt 0:01:13]} a6 {[%emt 0:00:21]} 35. Kg2 {[%emt 0:01:00]} Ke6 {[%emt 0:00:59]} 36. Ra1 {[%emt 0:01:41]} Ra8 {[%emt 0:03:43]} 37. Ra2 {[%emt 0:06:51]} h5 {[%emt 0:04:38]} 38. h4 {[%emt 0:03:21]} Rac8 {[%emt 0:04:18]} 39. Bc5 {[%emt 0:05:23]} Rd8 {[%emt 0:06:10]} 40. Bd4 {[%emt 0:08:06]} Rdc8 {[%emt 0:00:20]} 1/2-1/2

[Event "Panchenko Memorial-A 2021"]
[Site "Chelyabinsk"]
[Date "2021.09.14"]
[Round "2.2"]
[White "Belyakov, Bogdan"]
[Black "Petrosyan, Manuel"]
[Result "1/2-1/2"]
[WhiteElo "2455"]
[BlackElo "2611"]
[Annotator "TA"]
[PlyCount "106"]
[EventDate "2021.09.13"]
[EventType "swiss"]
[EventCountry "RUS"]
[SourceTitle "playchess.com"]
[Source "ChessBase"]
[SourceQuality "1"]

{[%evp 10,106,16,16,21,19,23,23,28,22,25,22,20,23,24,24,31,0,0,0,0,0,0,-10,-13,-9,-19,-10,-7,-42,-41,-39,-46,-42,-33,-34,-32,-45,-45,-45,-45,-45,-34,-77,-78,-78,-78,-78,-68,-67,-70,-78,-78,-78,-78,-77,-70,-70,-70,-70,-77,-70,-70,-95,-103,-78,-39,-79,-38,-101,-41,-95,-87,-80,-87,-391,-385,-362,-321,-387,-385,-365,-364,-712,-95,-1618,-1579,-945,-305,-304,0,-746,-8,-179,-192,-577,0,0,0]} 1. e4 c6 2. d4 d5 3. e5 Bf5 4. Nd2 e6 5. Nb3 Nd7 6. Nf3 Ne7 {B12: Caro-Kann: Advance Variation.} 7. Be2 Nc8 8. a4 Be7 {White has an edge.} 9. a5 a6 10. O-O O-O 11. c3 Na7 12. Be3 Qc7 {[#]} 13. Bg5 $146 ({Predecessor:} 13. Rc1 Rad8 14. Bd3 Bxd3 15. Qxd3 c5 16. c4 Nc6 17. cxd5 exd5 18. dxc5 Ndxe5 19. Nxe5 Nxe5 {0-1 (45) Martin Duque,J (2354)-Almagro Llamas,P (2448) Madrid 2018}) 13... Bxg5 14. Nxg5 h6 15. Nf3 c5 16. Nxc5 Nxc5 17. dxc5 Qxc5 18. Nd4 Nc6 19. f4 Rac8 (19... Nxa5 20. b4 $16) 20. Rf2 Nxd4 ({Wrong is} 20... Nxa5 $2 21. Nxf5 (21. b4 Qxc3 22. Nxf5 Qxb4 $16) 21... exf5 22. b4 $18) 21. Qxd4 Qxd4 22. cxd4 Rc6 23. b4 b5 24. axb6 $1 Rxb6 25. Ra4 Rc8 26. Bf1 Rc1 27. Rd2 Bc2 28. Ra3 Rxb4 {And now ...Rbb1 would win.} 29. Kf2 Be4 30. Bxa6 Rh1 31. h3 h5 32. Be2 h4 33. Bf3 Bg6 34. Ra8+ Kh7 35. Ra7 Rc1 36. f5 Bxf5 37. Rxf7 Rcc4 38. Ke3 Rc3+ 39. Kf2 (39. Kf4 $15) 39... Rb8 (39... Rb5 $17) 40. Re7 {[#]} (40. Bxd5 $15 Kg6 41. Rb7) 40... Bxh3 $1 41. gxh3 {Bg4 is the strong threat.} Rf8 42. Rxe6 $2 {[%mdl 8192]} (42. Kg1 $17 Rfxf3 43. Rg2) 42... Rfxf3+ $17 {[%mdl 4160] Endgame Double Attack. KRR-KRR} 43. Kg1 Rxh3 44. Rd6 Rc1+ 45. Kg2 {[#]} Rhh1 {Hoping for ...Rcg1+.} 46. e6 $2 {[#]} (46. Rf2 h3+ 47. Kf3 (47. Kg3 $2 Rc3+ 48. Kf4 h2 $19) 47... Rc3+ 48. Kf4) 46... Rcg1+ $2 (46... h3+ $1 $19 {and Black stays clearly on top.} 47. Kg3 Rc3+ 48. Kh4 h2 49. Rxd5 Rg1 50. Rxh2 Rcg3) 47. Kf3 $2 {[%mdl 8192]} (47. Kf2 $17) 47... Rg3+ $19 48. Ke2 Rg2+ $2 (48... h3 49. Rxd5 Rh2+ 50. Kd1 Rg1+ 51. Kc2 Rgg2 52. Rh5+ Kg8 53. Rxg2 hxg2 54. Rxh2 g1=Q {[%mdl 64] Double Attack}) 49. Kd3 Rg3+ (49... h3 50. Rxd5 Rxd2+ 51. Kxd2 h2 52. Rh5+ Kg6) 50. Ke2 Rhh3 $2 (50... h3 $19 {( -> ...h2)} 51. Rxd5 Rh2+ 52. Kd1 Rg1+ 53. Kc2 Rgg2 54. Rh5+ Kg8 55. Rxg2 hxg2 56. Rxh2 g1=Q {[%mdl 64] Double Attack}) 51. Kd1 $2 (51. Kf1 $1 $11 {and White stays safe.}) 51... Rg1+ 52. Ke2 $2 (52. Kc2) 52... Rhh1 $2 ({Better is} 52... Rg2+ $19 53. Kd1 Rh1+ 54. Kc2 h3) 53. Kd3 Rg3+ {Weighted Error Value: White=0.58/Black=0.58} 1/2-1/2

[Event "Panchenko Memorial-A 2021"]
[Site "Chelyabinsk"]
[Date "2021.09.14"]
[Round "2.3"]
[White "Tiviakov, Sergei"]
[Black "Maiorov, Nikita"]
[Result "1/2-1/2"]
[WhiteElo "2604"]
[BlackElo "2446"]
[Annotator "TA"]
[PlyCount "57"]
[EventDate "2021.09.13"]
[EventType "swiss"]
[EventCountry "RUS"]
[SourceTitle "playchess.com"]
[Source "ChessBase"]
[SourceQuality "1"]

{[%evp 17,57,9,16,26,8,-16,21,15,15,20,16,11,0,0,12,15,32,0,0,-19,-19,-27,-16,-27,-36,-46,-48,-51,-52,-46,-54,-49,-49,-50,-47,-71,-16,-60,0,-66,0,-54]} 1. e4 e5 2. Nf3 Nc6 3. Bb5 a6 4. Ba4 Nf6 5. O-O Be7 6. Qe2 b5 7. Bb3 O-O 8. c3 d5 9. d3 Bb7 10. Re1 {C86: Closed Ruy Lopez: Worrall Attack.} Re8 {[#]} 11. a3 $146 ({Predecessor:} 11. Nbd2 Qd7 12. a3 Rad8 13. Ba2 h6 14. b4 Bf8 15. Bb2 dxe4 16. dxe4 Nh5 17. g3 Qg4 18. Nh4 Bc8 19. Ng2 Qxe2 20. Rxe2 {½-½ (31) Tiviakov,S (2662)-Leko,P (2739) Wijk aan Zee 2010}) 11... Qd7 12. Bg5 dxe4 13. dxe4 h6 14. Bh4 Nh5 15. Bg3 Nxg3 16. hxg3 Bd6 17. Bd5 (17. Rd1 {is interesting.} Rab8 18. Nh4 Ne7 19. c4 Qe6 20. Nc3) 17... Nd8 18. Bxb7 Nxb7 19. Nbd2 Bf8 20. Nf1 c6 21. Red1 Qe6 22. b4 a5 23. Ne3 Nd6 24. Qc2 Ra7 25. Nd2 Rea8 26. Rac1 Nb7 (26... h5 $17) 27. Nb1 Nd6 28. Nd2 Nb7 29. Nb1 {Weighted Error Value: White=0.10/Black=0.13} 1/2-1/2

[Event "Panchenko Memorial-A 2021"]
[Site "Chelyabinsk"]
[Date "2021.09.14"]
[Round "2.4"]
[White "Lazavik, Denis"]
[Black "Azarov, Sergei"]
[Result "1-0"]
[WhiteElo "2440"]
[BlackElo "2603"]
[Annotator "ChessBase"]
[PlyCount "105"]
[EventDate "2021.09.13"]
[EventType "swiss"]
[EventCountry "RUS"]
[SourceTitle "playchess.com"]
[Source "ChessBase"]
[SourceQuality "1"]
[TimeControl "5400+30"]

1. d4 {[%emt 0:00:08]} Nf6 {[%emt 0:00:07]} 2. c4 {[%emt 0:00:22]} e6 {[%emt 0:00:05]} 3. Nf3 {[%emt 0:00:19]} d5 {[%emt 0:00:11]} 4. Nc3 {[%emt 0:00:31]} dxc4 {[%emt 0:00:10]} 5. e4 {[%emt 0:00:50]} b5 {[%emt 0:00:12]} 6. e5 {[%emt 0:00:39]} Nd5 {[%emt 0:00:14]} 7. Nxb5 {[%emt 0:00:17]} Nb6 {[%emt 0:00:13]} 8. Be2 {[%emt 0:01:14]} Nc6 {[%emt 0:00:38]} 9. a3 {[%emt 0:03:07]} Be7 {[%emt 0:00:50]} 10. Be3 {[%emt 0:00:57]} Na5 {[%emt 0:01:12]} 11. Qc2 {[%emt 0:02:30]} Qd7 {[%emt 0:00:44]} 12. Nc3 {[%emt 0:01:34]} Bb7 {[%emt 0:00:28]} 13. Rd1 {[%emt 0:04:25]} f5 {[%emt 0:00:47]} 14. exf6 {[%emt 0:07:08]} gxf6 {[%emt 0:00:27]} 15. O-O {[%emt 0:02:49]} Rg8 {[%emt 0:00:52]} 16. g3 {[%emt 0:08:46]} O-O-O {[%emt 0:00:50]} 17. Nd2 {[%emt 0:02:54]} f5 {[%emt 0:03:54]} 18. Bf3 {[%emt 0:04:21]} Bd6 {[%emt 0:01:24]} 19. Bxb7+ {[%emt 0:04:01]} Kxb7 {[%emt 0:01:15]} 20. Rfe1 {[%emt 0:16:22]} Nd5 {[%emt 1:02:10]} 21. b4 {[%emt 0:05:32]} cxb3 {[%emt 0:11:23]} 22. Nxb3 {[%emt 0:00:27]} Nc4 {[%emt 0:00:03]} 23. Bc1 {[%emt 0:15:41]} Ka8 {[%emt 0:02:05]} 24. Qd3 {[%emt 0:02:11]} Nxc3 {[%emt 0:03:07]} 25. Qxc3 {[%emt 0:00:52]} Nb6 {[%emt 0:00:15]} 26. Nc5 {[%emt 0:02:27]} Nd5 {[%emt 0:00:58]} 27. Qf3 {[%emt 0:01:05]} Bxc5 {[%emt 0:00:09]} 28. dxc5 {[%emt 0:00:07]} Qc6 {[%emt 0:00:14]} 29. Bf4 {[%emt 0:02:19]} Rd7 {[%emt 0:01:00]} 30. Re2 {[%emt 0:01:50]} Rgd8 {[%emt 0:01:08]} 31. Rde1 {[%emt 0:02:13]} Nb4 {[%emt 0:04:56]} 32. Qxc6+ {[%emt 0:03:23]} Nxc6 {[%emt 0:00:02]} 33. Bg5 {[%emt 0:00:26]} Rb8 {[%emt 0:00:35]} 34. Bf6 {[%emt 0:00:32]} Rb3 {[%emt 0:00:55]} 35. Rxe6 {[%emt 0:00:21]} Kb7 {[%emt 0:00:04]} 36. a4 {[%emt 0:01:12]} a5 {[%emt 0:01:36]} 37. h4 {[%emt 0:00:59]} Rd5 {[%emt 0:00:34]} 38. Re8 {[%emt 0:01:02]} Rb4 {[%emt 0:02:11]} 39. Rh8 {[%emt 0:00:46]} Rd7 {[%emt 0:00:07]} 40. Ra1 {[%emt 0:01:36]} Rc4 {[%emt 0:00:38]} 41. h5 {[%emt 0:00:44]} Rxc5 {[%emt 0:00:57]} 42. Rb1+ {[%emt 0:00:31]} Nb4 {[%emt 0:00:59]} 43. h6 {[%emt 0:00:28]} Rc2 {[%emt 0:00:39]} 44. Bg5 {[%emt 0:01:21]} c5 {[%emt 0:00:37]} 45. Rf8 {[%emt 0:00:12]} c4 {[%emt 0:00:29]} 46. Rxf5 {[%emt 0:00:12]} Ka6 {[%emt 0:00:24]} 47. Re1 {[%emt 0:00:27]} Rc7 {[%emt 0:00:07]} 48. Re6+ {[%emt 0:00:27]} Nc6 {[%emt 0:00:27]} 49. Rc5 {[%emt 0:00:19]} Kb7 {[%emt 0:00:06]} 50. Bf4 {[%emt 0:00:42]} Rc8 {[%emt 0:00:27]} 51. Rb5+ {[%emt 0:00:29]} Ka8 {[%emt 0:00:01]} 52. Rb6 {[%emt 0:00:18]} Nb4 {[%emt 0:00:50]} 53. Re5 {[%emt 0:00:26]} 1-0

[Event "Panchenko Memorial-A 2021"]
[Site "Chelyabinsk"]
[Date "2021.09.14"]
[Round "2.5"]
[White "Schekachikhin, Maksim"]
[Black "Timofeev, Artyom"]
[Result "0-1"]
[WhiteElo "2438"]
[BlackElo "2583"]
[Annotator "ChessBase"]
[PlyCount "88"]
[EventDate "2021.09.13"]
[EventType "swiss"]
[EventCountry "RUS"]
[SourceTitle "playchess.com"]
[Source "ChessBase"]
[SourceQuality "1"]
[TimeControl "5400+30"]

1. e4 {[%emt 0:00:10]} e5 {[%emt 0:02:39]} 2. Nf3 {[%emt 0:00:29]} Nf6 {[%emt 0:00:34]} 3. d4 {[%emt 0:01:25]} exd4 {[%emt 0:03:12]} 4. e5 {[%emt 0:01:31]} Ne4 {[%emt 0:00:09]} 5. Qxd4 {[%emt 0:01:00]} d5 {[%emt 0:00:08]} 6. exd6 {[%emt 0:02:22]} Nxd6 {[%emt 0:00:07]} 7. Bd3 {[%emt 0:10:46]} Nc6 {[%emt 0:00:41]} 8. Qf4 {[%emt 0:00:23]} Be7 {[%emt 0:04:27]} 9. Nc3 {[%emt 0:01:03]} Be6 {[%emt 0:00:11]} 10. O-O {[%emt 0:05:03]} Bf6 {[%emt 0:05:13]} 11. Re1 {[%emt 0:03:20]} O-O {[%emt 0:03:45]} 12. Be3 {[%emt 0:05:38]} Bxc3 {[%emt 0:07:37]} 13. bxc3 {[%emt 0:01:27]} h6 {[%emt 0:01:07]} 14. Rad1 {[%emt 0:08:20]} Re8 {[%emt 0:11:35]} 15. c4 {[%emt 0:02:52]} Qf6 {[%emt 0:00:10]} 16. c5 {[%emt 0:05:35]} Nf5 {[%emt 0:08:02]} 17. Bxf5 {[%emt 0:08:05]} Qxf5 {[%emt 0:13:24]} 18. a3 {[%emt 0:11:20]} Rac8 {[%emt 0:04:31]} 19. c3 {[%emt 0:01:52]} Qxf4 {[%emt 0:02:24]} 20. Bxf4 {[%emt 0:00:07]} g5 {[%emt 0:00:07]} 21. Be3 {[%emt 0:05:41]} Bg4 {[%emt 0:00:57]} 22. Rb1 {[%emt 0:03:40]} Bxf3 {[%emt 0:02:38]} 23. gxf3 {[%emt 0:00:04]} Ne5 {[%emt 0:04:21]} 24. Kg2 {[%emt 0:00:45]} b6 {[%emt 0:00:06]} 25. h4 {[%emt 0:03:27]} gxh4 {[%emt 0:07:33]} 26. Rh1 {[%emt 0:04:08]} Ng6 {[%emt 0:11:01]} 27. Bxh6 {[%emt 0:00:44]} Re5 {[%emt 0:00:29]} 28. Be3 {[%emt 0:00:32]} Rf5 {[%emt 0:00:08]} 29. Rb4 {[%emt 0:01:50]} bxc5 {[%emt 0:03:22]} 30. Rb5 {[%emt 0:05:14]} a6 {[%emt 0:00:56]} 31. Rxc5 {[%emt 0:00:32]} Rxc5 {[%emt 0:00:05]} 32. Bxc5 {[%emt 0:00:03]} Rb8 {[%emt 0:00:13]} 33. Kh3 {[%emt 0:02:24]} Rb3 {[%emt 0:00:36]} 34. Bd4 {[%emt 0:01:09]} Rxa3 {[%emt 0:00:54]} 35. Rb1 {[%emt 0:00:12]} Ra4 {[%emt 0:00:30]} 36. Rb8+ {[%emt 0:01:26]} Kh7 {[%emt 0:00:05]} 37. Rc8 {[%emt 0:00:49]} Rc4 {[%emt 0:00:35]} 38. Kg4 {[%emt 0:01:33]} c5 {[%emt 0:02:58]} 39. f4 {[%emt 0:00:41]} a5 {[%emt 0:01:00]} 40. Rc7 {[%emt 0:01:19]} Kh6 {[%emt 0:00:28]} 41. Rc6 {[%emt 0:00:42]} a4 {[%emt 0:00:26]} 42. Kf3 {[%emt 0:01:03]} a3 {[%emt 0:00:20]} 43. Be3 {[%emt 0:00:28]} f5 {[%emt 0:00:20]} 44. Ke2 {[%emt 0:00:36]} Ra4 {[%emt 0:00:12]} 0-1

[Event "Panchenko Memorial-A 2021"]
[Site "Chelyabinsk"]
[Date "2021.09.14"]
[Round "2.6"]
[White "Lintchevski, Daniil"]
[Black "Kostenko, Petr"]
[Result "1-0"]
[WhiteElo "2561"]
[BlackElo "2435"]
[Annotator "ChessBase"]
[PlyCount "87"]
[EventDate "2021.09.13"]
[EventType "swiss"]
[EventCountry "RUS"]
[SourceTitle "playchess.com"]
[Source "ChessBase"]
[SourceQuality "1"]
[TimeControl "5400+30"]

1. e4 {[%emt 0:00:20]} c5 {[%emt 0:00:59]} 2. Nf3 {[%emt 0:01:01]} Nc6 {[%emt 0:00:25]} 3. d4 {[%emt 0:01:42]} cxd4 {[%emt 0:00:07]} 4. Nxd4 {[%emt 0:00:03]} e5 {[%emt 0:00:58]} 5. Nb5 {[%emt 0:00:27]} d6 {[%emt 0:00:09]} 6. N1c3 {[%emt 0:00:07]} a6 {[%emt 0:00:06]} 7. Na3 {[%emt 0:00:06]} Be7 {[%emt 0:00:21]} 8. Nc4 {[%emt 0:02:41]} b5 {[%emt 0:00:11]} 9. Ne3 {[%emt 0:00:07]} Nf6 {[%emt 0:00:04]} 10. Bd3 {[%emt 0:04:04]} O-O {[%emt 0:00:08]} 11. O-O {[%emt 0:00:10]} Rb8 {[%emt 0:02:41]} 12. a3 {[%emt 0:00:47]} Nd4 {[%emt 0:01:01]} 13. Ncd5 {[%emt 0:03:54]} Ne6 {[%emt 0:00:59]} 14. c4 {[%emt 0:16:00]} Nc5 {[%emt 0:07:46]} 15. cxb5 {[%emt 0:04:34]} axb5 {[%emt 0:00:35]} 16. Nxf6+ {[%emt 0:00:35]} Bxf6 {[%emt 0:00:04]} 17. b4 {[%emt 0:00:08]} Ne6 {[%emt 0:00:10]} 18. Nd5 {[%emt 0:02:24]} Bg5 {[%emt 0:05:08]} 19. Bb2 {[%emt 0:00:44]} Nc7 {[%emt 0:00:31]} 20. Nc3 {[%emt 0:02:32]} Be6 {[%emt 0:03:31]} 21. Qe2 {[%emt 0:01:49]} Qd7 {[%emt 0:00:31]} 22. Bc1 {[%emt 0:02:35]} Bxc1 {[%emt 0:02:00]} 23. Rfxc1 {[%emt 0:00:05]} Rb7 {[%emt 0:03:41]} 24. Qf3 {[%emt 0:07:56]} Qe7 {[%emt 0:04:56]} 25. Bf1 {[%emt 0:05:07]} Ra8 {[%emt 0:03:50]} 26. Rd1 {[%emt 0:00:19]} g6 {[%emt 0:04:53]} 27. h3 {[%emt 0:02:24]} Kg7 {[%emt 0:00:25]} 28. Rd2 {[%emt 0:02:21]} Rb6 {[%emt 0:19:06]} 29. Qe3 {[%emt 0:00:53]} Rab8 {[%emt 0:01:38]} 30. Rad1 {[%emt 0:06:15]} h6 {[%emt 0:04:23]} 31. f4 {[%emt 0:03:40]} Qf6 {[%emt 0:14:24]} 32. f5 {[%emt 0:09:56]} gxf5 {[%emt 0:05:52]} 33. Rxd6 {[%emt 0:00:52]} f4 {[%emt 0:02:55]} 34. Qf2 {[%emt 0:00:07]} R6b7 {[%emt 0:02:55]} 35. Nd5 {[%emt 0:01:00]} Qg5 {[%emt 0:00:31]} 36. h4 {[%emt 0:00:53]} Qg6 {[%emt 0:01:36]} 37. Ne7 {[%emt 0:01:53]} Qxe4 {[%emt 0:01:41]} 38. Re1 {[%emt 0:00:59]} Qh7 {[%emt 0:02:27]} 39. Bd3 {[%emt 0:00:58]} Qh8 {[%emt 0:00:11]} 40. Rxe5 {[%emt 0:00:39]} Ne8 {[%emt 0:00:42]} 41. Qd4 {[%emt 0:00:47]} Nf6 {[%emt 0:00:37]} 42. Nd5 {[%emt 0:03:45]} Kf8 {[%emt 0:00:11]} 43. Rexe6 {[%emt 0:02:35]} fxe6 {[%emt 0:00:05]} 44. Rxe6 {[%emt 0:00:29]} 1-0

[Event "Panchenko Memorial-A 2021"]
[Site "Chelyabinsk"]
[Date "2021.09.14"]
[Round "2.7"]
[White "Savitskiy, Sergey"]
[Black "Petrov, Nikita"]
[Result "1/2-1/2"]
[WhiteElo "2431"]
[BlackElo "2555"]
[Annotator "ChessBase"]
[PlyCount "73"]
[EventDate "2021.09.13"]
[EventType "swiss"]
[EventCountry "RUS"]
[SourceTitle "playchess.com"]
[Source "ChessBase"]
[SourceQuality "1"]
[TimeControl "5400+30"]

1. e4 {[%emt 0:00:03]} c5 {[%emt 0:00:18]} 2. Nf3 {[%emt 0:00:09]} e6 {[%emt 0:00:18]} 3. d4 {[%emt 0:00:08]} cxd4 {[%emt 0:00:07]} 4. Nxd4 {[%emt 0:00:06]} Nf6 {[%emt 0:00:34]} 5. Nc3 {[%emt 0:00:07]} Nc6 {[%emt 0:00:05]} 6. Nxc6 {[%emt 0:00:24]} bxc6 {[%emt 0:00:07]} 7. e5 {[%emt 0:00:06]} Nd5 {[%emt 0:00:05]} 8. Ne4 {[%emt 0:00:06]} Bb7 {[%emt 0:00:40]} 9. Bd3 {[%emt 0:17:17]} Qc7 {[%emt 0:12:27]} 10. f4 {[%emt 0:00:46]} c5 {[%emt 0:00:07]} 11. c4 {[%emt 0:02:57]} Nb4 {[%emt 0:00:13]} 12. Bb1 {[%emt 0:07:07]} Nc6 {[%emt 0:01:29]} 13. O-O {[%emt 0:10:43]} a5 {[%emt 0:05:22]} 14. Be3 {[%emt 0:04:24]} Nd4 {[%emt 0:00:07]} 15. Nc3 {[%emt 0:03:19]} Be7 {[%emt 0:09:44]} 16. Be4 {[%emt 0:04:05]} Bxe4 {[%emt 0:12:04]} 17. Nxe4 {[%emt 0:00:35]} Nf5 {[%emt 0:00:18]} 18. Bf2 {[%emt 0:01:40]} Qc6 {[%emt 0:07:02]} 19. Qf3 {[%emt 0:09:36]} O-O {[%emt 0:17:19]} 20. Rad1 {[%emt 0:01:41]} f6 {[%emt 0:01:22]} 21. exf6 {[%emt 0:04:51]} gxf6 {[%emt 0:00:07]} 22. Kh1 {[%emt 0:02:09]} Rac8 {[%emt 0:07:22]} 23. b3 {[%emt 0:06:16]} Ng7 {[%emt 0:05:28]} 24. Rd3 {[%emt 0:08:51]} f5 {[%emt 0:01:00]} 25. Nc3 {[%emt 0:00:08]} Qxf3 {[%emt 0:00:33]} 26. Rxf3 {[%emt 0:00:06]} Rfd8 {[%emt 0:02:31]} 27. Rd1 {[%emt 0:01:03]} Ne8 {[%emt 0:02:54]} 28. Rfd3 {[%emt 0:00:57]} Nf6 {[%emt 0:02:46]} 29. Be1 {[%emt 0:06:57]} Ra8 {[%emt 0:02:36]} 30. a4 {[%emt 0:02:08]} Kf7 {[%emt 0:02:12]} 31. Bh4 {[%emt 0:01:12]} Kf8 {[%emt 0:00:11]} 32. Be1 {[%emt 0:03:30]} Kf7 {[%emt 0:00:59]} 33. Kg1 {[%emt 0:00:15]} d6 {[%emt 0:03:03]} 34. Rh3 {[%emt 0:02:39]} Rh8 {[%emt 0:02:20]} 35. Rhd3 {[%emt 0:00:17]} Rhd8 {[%emt 0:00:32]} 36. Rh3 {[%emt 0:00:17]} Rh8 {[%emt 0:00:03]} 37. Rhd3 {[%emt 0:00:05]} 1/2-1/2